|
|
|
|
| LEADER |
00000nam a2200000 a 4500 |
| 001 |
UCT4121 |
| 003 |
CL-VaPUC |
| 008 |
961108e19670000US |||||||||||||||||eng|d |
| 082 |
0 |
4 |
|a 541.042
|b CAN
|2 21
|
| 100 |
0 |
|
|a Canjar, Lawrence N
|e author
|9 373260
|
| 700 |
0 |
|
|a Manning, Francis S
|e author
|9 373261
|
| 245 |
1 |
0 |
|a Thermodynamic properties and reduced correlations for gases
|
| 300 |
|
|
|a 212 p
|
| 942 |
|
|
|c BK
|
| 945 |
|
|
|d 19961108 00:00:00
|a paguirre
|
| 260 |
|
|
|a Houston
|b Gulf
|c 1967
|
| 650 |
|
0 |
|a Termodinámica
|9 259320
|
| 650 |
|
0 |
|a Estados de la Materia
|9 347141
|
| 650 |
|
0 |
|a Gases
|9 260945
|
| 650 |
|
7 |
|a BENCENO
|2 CL-VaPUC
|9 360728
|
| 650 |
|
7 |
|a METANO
|2 CL-VaPUC
|9 362221
|
| 650 |
|
7 |
|a PRODUCTOS QUIMICOS ORGANICOS
|2 CL-VaPUC
|9 344420
|
| 583 |
|
|
|a last modification
|c 19961108 00:00:00
|k Rodrigo Vera
|
| 999 |
|
|
|c 253550
|d 253548
|
| 952 |
|
|
|0 0
|1 0
|4 0
|6 541_042000000000000_CAN_1967
|7 0
|8 A
|9 274457
|a BIBCUR
|b BIBCUR
|d 2019-11-19
|i 1787195
|o 541.042 CAN 1967
|p 1787195
|r 2025-04-22
|w 2019-11-19
|y BK
|k QUI
|